15 Państw mniejszych niż Polska - Statystyki

Ogólne statystyki
  • Ten quiz został rozwiązany 1 703 razy
  • Średni wynik to 5 z 15
Statystyki odpowiedzi
rozmiar km2 Kraj % Poprawnych
301 339 Włochy
70%
207 600 Białoruś
62%
242 495 Wielka Brytania
55%
238 397 Rumunia
52%
309 500 Oman
33%
276 841 Ekwador
26%
270 467 Nowa Zelandia
24%
236 800 Laos
23%
300 000 Filipiny
19%
238 533 Ghana
19%
241 550 Uganda
17%
267 668 Gabon
15%
214 969 Gujana
14%
245 857 Gwinea
14%
274 222 Burkina Faso
12%
Nie znaleziono quizów pasujących do podanych kryteriów
Rozkład punktacji
Procent ludzi z każdym wynikiem
Percentyl według liczby udzielonych odpowiedzi
Twoja historia wyników
Nie rozwiązałeś tego quizu